Normal view MARC view
  • BLYTON GUID

Entry Personal Name

Number of records used in: 48

001 - CONTROL NUMBER

  • control field: 7607

003 - CONTROL NUMBER IDENTIFIER

  • control field: OSt

005 - DATE AND TIME OF LATEST TRANSACTION

  • control field: 20221031123746.0

008 - FIXED-LENGTH DATA ELEMENTS

  • fixed length control field: 221031|| aca||aabn | a|a d

040 ## - CATALOGING SOURCE

  • Original cataloging agency: OSt
  • Transcribing agency: OSt

100 ## - HEADING--PERSONAL NAME

  • Personal name: BLYTON GUID

670 ## - SOURCE DATA FOUND

  • Source citation: Work cat.: (OSt)12115: BLYTON GUID, THE MOUNTAIN OF ADVENTURE, 2014

Powered by Koha